|
|
|
|
| LEADER |
03459nam a22003733i 4500 |
| 001 |
EBC30401579 |
| 003 |
MiAaPQ |
| 005 |
20240729202205.0 |
| 006 |
m o d | |
| 007 |
cr cnu|||||||| |
| 008 |
240729s2016 xx o ||||0 eng d |
| 020 |
|
|
|a 9789176856826
|q (electronic bk.)
|
| 035 |
|
|
|a (MiAaPQ)EBC30401579
|
| 035 |
|
|
|a (Au-PeEL)EBL30401579
|
| 035 |
|
|
|a (OCoLC)1372399106
|
| 040 |
|
|
|a MiAaPQ
|b eng
|e rda
|e pn
|c MiAaPQ
|d MiAaPQ
|
| 100 |
1 |
|
|a Ivády, Viktor.
|
| 245 |
1 |
0 |
|a Development of Theoretical Approaches for Post-Silicon Information Processing.
|
| 250 |
|
|
|a 1st ed.
|
| 264 |
|
1 |
|a Linköping :
|b Linkopings Universitet,
|c 2016.
|
| 264 |
|
4 |
|c {copy}2016.
|
| 300 |
|
|
|a 1 online resource (91 pages)
|
| 336 |
|
|
|a text
|b txt
|2 rdacontent
|
| 337 |
|
|
|a computer
|b c
|2 rdamedia
|
| 338 |
|
|
|a online resource
|b cr
|2 rdacarrier
|
| 490 |
1 |
|
|a Linköping Studies in Science and Technology. Dissertations Series ;
|v v.1792
|
| 505 |
0 |
|
|a Intro -- Abstract -- Popular science summary -- Populärvetenskaplig sammanfattning -- Preface -- Acknowledgements -- Contents -- Introduction -- Silicon and post-silicon information processing -- Essential requirements and possible implementations of quantum information processing -- Theoretical challenges in the defect spin implementation -- Aim of my research -- Theoretical approaches in solid state qubit studies -- Ab initio methods -- Basic equations and approximations -- Density functional theory -- The exchange and correlation functional -- Model spin Hamiltonians -- Spin Hamiltonian of important solid state qubits -- Group theory considerations -- Basic definitions -- Representations -- Group of the wave vector -- Character tables and product tables -- Hybrid-DFT+Vw scheme -- Analogy of generalized Kohn-Sham and quasi-particles -- Theoretical unification of hybrid-DFT and DFT+U methods for the treatment of localized orbitals -- Limitations of hybrid functionals in mixed systems -- Zero-field-splitting tensor calculation -- Implementation of zero-field-splitting tensor calculation -- Application in qubit characterization -- Temperature and pressure dependence -- Model of dynamic nuclear polarization -- Basic properties of electron and nuclear spin hybrid registers in diamond and SiC -- Simple model of dynamic nuclear polarization -- Comprehensive theoretical model of DNP -- DNP in SiC -- Ground state DNP of weakly coupled hybrid registers -- Group theory approaches -- Carbon antisite-vacancy pair -- Dirac points in novel 2D materials -- Conclusions and outlook -- The hybrid-DFT+Vw scheme -- Zero-field-splitting calculation -- Dynamic nuclear spin polarization -- Bibliography -- List of included Publications -- Related, not included publications -- Summary of included papers.
|
| 588 |
|
|
|a Description based on publisher supplied metadata and other sources.
|
| 590 |
|
|
|a Electronic reproduction. Ann Arbor, Michigan : ProQuest Ebook Central, 2024. Available via World Wide Web. Access may be limited to ProQuest Ebook Central affiliated libraries.
|
| 655 |
|
4 |
|a Electronic books.
|
| 776 |
0 |
8 |
|i Print version:
|a Ivády, Viktor
|t Development of Theoretical Approaches for Post-Silicon Information Processing
|d Linköping : Linkopings Universitet,c2016
|
| 797 |
2 |
|
|a ProQuest (Firm)
|
| 830 |
|
0 |
|a Linköping Studies in Science and Technology. Dissertations Series
|
| 856 |
4 |
0 |
|u https://ebookcentral.proquest.com/lib/matrademy/detail.action?docID=30401579
|z Click to View
|